A Theological Study on the Meaning and Significance of the Sacrificial Death of Jesus Christ For Salvation | (Record no. 7989)

MARC details
000 -LEADER
fixed length control field 00579nam a22001697a 4500
003 - CONTROL NUMBER IDENTIFIER
control field GBCCL
005 - DATE AND TIME OF LATEST TRANSACTION
control field 20241126110641.0
008 - FIXED-LENGTH DATA ELEMENTS--GENERAL INFORMATION
fixed length control field 181123b ||||| |||| 00| 0 eng d
040 ## - CATALOGING SOURCE
Transcribing agency GBC
082 ## - DEWEY DECIMAL CLASSIFICATION NUMBER
Classification number ARCH GBC-2011
Item number CHI
100 ## - MAIN ENTRY--PERSONAL NAME
Personal name ChiinZaChing
9 (RLIN) 13946
245 ## - TITLE STATEMENT
Title A Theological Study on the Meaning and Significance of the Sacrificial Death of Jesus Christ For Salvation |
Statement of responsibility, etc. ChiinZaChing
260 ## - PUBLICATION, DISTRIBUTION, ETC.
Place of publication, distribution, etc. New Lamka:
Name of publisher, distributor, etc. Grace Bible College,
Date of publication, distribution, etc. 2011
300 ## - PHYSICAL DESCRIPTION
Extent iii + 51 p.;
Dimensions 21 + 29 cm.
650 ## - SUBJECT ADDED ENTRY--TOPICAL TERM
Topical term or geographic name entry element Soteriology
Form subdivision Sacrificial Death of Christ
General subdivision Salvation
9 (RLIN) 13947
942 ## - ADDED ENTRY ELEMENTS (KOHA)
Source of classification or shelving scheme Dewey Decimal Classification
Koha item type Thesis
Holdings
Withdrawn status Lost status Source of classification or shelving scheme Damaged status Not for loan Home library Current Library Shelving location Date acquired Total checkouts Full call number Barcode Date last seen Copy number Price effective from Koha item type
    Dewey Decimal Classification     GRACE BIBLE COLLEGE GRACE BIBLE COLLEGE Archives 2018-11-23   ARCH GBC-2011 CHI 025119 2025-05-01 c.1 2018-11-23 Thesis
© Grace Bible College Library 2025